000 00299nam a2200121Ia 4500
008 191201s2003 xx 000 0 und d
100 _aMAXWELL, J.C
245 0 _aHow Successful People Think
260 _aNew York
_bCentre Street
_c2003
300 _a127
650 _aGeneral Books
942 _2ddc
_cBK
999 _c4721
_d4721